| 000 | 00509nam a2200181Ia 4500 | ||
|---|---|---|---|
| 001 | 19848 | ||
| 005 | 20260306172723.0 | ||
| 008 | 260306t2015||||xx |||||||||||||| ||spa|| | ||
| 041 | _aESP | ||
| 082 |
_a341.2 _bL36 |
||
| 100 |
_aLedesma Narváez, Marianella _eAUT |
||
| 245 | 0 |
_aJusticia, derecho y sociedad: _bdebates interdisciplinarios para el análisis de la justicia en el Perú |
|
| 260 | _c2015 | ||
| 300 |
_a525 páginas : _c24 cm. |
||
| 650 | _aGEN | ||
| 654 | _aCDE | ||
| 942 |
_cLIB _dJUS _fJUS _2ddc _n |
||
| 999 |
_c19848 _d19848 |
||